'J' Vocabulary (Medium) Quiz Stats

 Plays Quiz Updated Aug 15, 2017

Challenge
Share
Tweet
Embed
Score 0/25 Timer 06:00
0 Plays Today
% Correct
journalist
97.1%
jukebox
97%
judo
97%
junkyard
96.8%
jockey
96.7%
jewelry
96.6%
joystick
96.6%
jigsaw
96.4%
javelin
96.3%
jumbo
96.2%
jellybean
96.1%
jackal
96%
judgmental
95.9%
% Correct
jingle
95.9%
jolly
95.8%
jubilee
95.7%
jot
95.3%
jester
95.2%
jasmine
95%
jumble
94.9%
joey
94.7%
jagged
94.6%
jive
94.5%
jade
93.9%
jetty
93.2%

You're not logged in!

Compare scores with friends on all Sporcle quizzes.
Join for Free
OR
Log In

You Might Also Like...

Show Comments

Extras

Top Quizzes Today


Score Distribution

Your Account Isn't Verified!

In order to create a playlist on Sporcle, you need to verify the email address you used during registration. Go to your Sporcle Settings to finish the process.

Report this User

Report this user for behavior that violates our Community Guidelines.

Details: